| 000 | 00941nam a2200241 i 4500 | ||
|---|---|---|---|
| 001 | 55885 | ||
| 003 | ES-MaACL | ||
| 005 | 20250731020501.0 | ||
| 007 | t| | ||
| 008 | 030930s1915 sp |||| | spa d | ||
| 080 | _a339.543.624 | ||
| 100 | 1 |
_aDíaz-Caneja, Juan. _944192 |
|
| 245 | 1 | 0 |
_aCastilla y las zonas neutrales _b: conferencia / _cpronunciada por Juan Díaz Caneja el día 29 de enero de 1915, en el Ateneo Científico, Literario y Artístico de Madrid. |
| 260 |
_aMadrid : _b[s.n.], _c1915 ( _fImp. Ibérica) |
||
| 300 |
_a70 p. ; _c16 cm. |
||
| 530 | _aDisponible en formato digital. | ||
| 610 | 2 | 4 |
_aAteneo de Madrid- _vConferencias- _y1900-1939 _91907 |
| 651 | 4 |
_aCastilla- _xSituación económica _97978 |
|
| 710 | 2 |
_aAteneo de Madrid. _91875 |
|
| 852 |
_aES-MaACL _jT-1443-F-6 |
||
| 856 |
_uhttp://bibliotecadigital.jcyl.es/i18n/consulta/registro.cmd?id=743 _zBiblioteca Digital de Castilla y León |
||
| 999 |
_c55885 _d55885 |
||